Biología / (Registro nro. 32537)

Detalles MARC
000 -LEADER
campo de control de longitud fija 02995cam a22006494i 4500
003 - IDENTIFICADOR DE NÚMERO DE CONTROL
campo de control PE-LiUPU
005 - FECHA Y HORA DE LA ÚLTIMA TRANSACCIÓN
campo de control 20250731180118.0
008 - DATOS DE LONGITUD FIJA--INFORMACIÓN GENERAL
campo de control de longitud fija 150623s2001 mx a r 000 0 spa d
020 ## - NÚMERO INTERNACIONAL ESTÁNDAR DEL LIBRO
Número Internacional Estándar del Libro 970103368X
020 ## - NÚMERO INTERNACIONAL ESTÁNDAR DEL LIBRO
Número Internacional Estándar del Libro 9789701033685
035 ## - NÚMERO DE CONTROL DEL SISTEMA
Número de control de sistema (Sirsi) i9789701033685
040 ## - FUENTE DE CATALOGACIÓN
Centro catalogador/agencia de origen PE-LiUPU
Lengua de catalogación spa
Centro/agencia transcriptor PE-LiUPU
Normas de descripción rda
049 ## - FONDOS LOCALES (OCLC)
Biblioteca depositaria PRUA
082 04 - NÚMERO DE LA CLASIFICACIÓN DECIMAL DEWEY
Número de clasificación 574
Cutter S66
Número de edición 21
100 1# - ENTRADA PRINCIPAL--NOMBRE DE PERSONA
Nombre de persona Solomon, Eldra Pearl,
Término indicativo de función/relación autor.
245 10 - MENCIÓN DEL TÍTULO
Título Biología /
Mención de responsabilidad, etc. Eldra Pearl Solomon, Linda R. Berg, Diana W. Martin ; traduccion Roberto Palacios Martinez, Gabriel Gonzalez Loyola.
250 ## - MENCION DE EDICION
Mención de edición 5a edición.
264 #1 - PRODUCCIÓN, PUBLICACIÓN, DISTRIBUCIÓN, FABRICACIÓN Y COPYRIGHT
Producción, publicación, distribución, fabricación y copyright Mexico :
Nombre del de productor, editor, distribuidor, fabricante McGraw-Hil Interamericana,
Fecha de producción, publicación, distribución, fabricación o copyright 2001.
300 ## - DESCRIPCIÓN FÍSICA
Extensión 1237 páginas :
Otras características físicas ilustraciones ;
Dimensiones 28 centímetros
336 ## - TIPO DE CONTENIDO
Término de tipo de contenido text
Fuente rdacontent
337 ## - TIPO DE MEDIO
Nombre/término del tipo de medio unmediated
Fuente rdamedia
338 ## - TIPO DE SOPORTE
Nombre/término del tipo de soporte volume
Fuente rdacarrier
505 0# - NOTA DE CONTENIDO CON FORMATO
Nota de contenido con formato Organización de la vida -- Transferencia de energía en los sistemas vivos -- Continuidad de la vida:Genética -- Continuidad de la vida: Evolución -- Diversidad de la vida -- Estructura y procesos vitales de las plantas -- Estructuras y procesos vitales de los animales -- Interacción de la vida: Ecología.
526 ## - NOTA DE INFORMACIÓN SOBRE EL PROGRAMA DE ESTUDIO
Nombre del programa Segunda Especialidad En Estadística Aplicada Para Investigación (A Distancia)
526 ## - NOTA DE INFORMACIÓN SOBRE EL PROGRAMA DE ESTUDIO
Nombre del programa Segunda Especialidad En Estadística Aplicada Para Investigación
526 ## - NOTA DE INFORMACIÓN SOBRE EL PROGRAMA DE ESTUDIO
Nombre del programa Odontología
526 ## - NOTA DE INFORMACIÓN SOBRE EL PROGRAMA DE ESTUDIO
Nombre del programa Tecnología Médica En Terapia Física Y Rehabilitación (A Distancia)
526 ## - NOTA DE INFORMACIÓN SOBRE EL PROGRAMA DE ESTUDIO
Nombre del programa Tecnología Médica En Terapia Física Y Rehabilitación (Semipresencial)
526 ## - NOTA DE INFORMACIÓN SOBRE EL PROGRAMA DE ESTUDIO
Nombre del programa Tecnología Médica En Laboratorio Clínico Y Anatomía Patológica
526 ## - NOTA DE INFORMACIÓN SOBRE EL PROGRAMA DE ESTUDIO
Nombre del programa Ingeniería De Ciencia De Datos E Inteligencia Artificial
526 ## - NOTA DE INFORMACIÓN SOBRE EL PROGRAMA DE ESTUDIO
Nombre del programa Ingeniería Ambiental (Semipresencial)
526 ## - NOTA DE INFORMACIÓN SOBRE EL PROGRAMA DE ESTUDIO
Nombre del programa Nutrición humana
526 ## - NOTA DE INFORMACIÓN SOBRE EL PROGRAMA DE ESTUDIO
Nombre del programa Medicina humana
526 ## - NOTA DE INFORMACIÓN SOBRE EL PROGRAMA DE ESTUDIO
Nombre del programa Ingeniería de industrias alimentarias
526 ## - NOTA DE INFORMACIÓN SOBRE EL PROGRAMA DE ESTUDIO
Nombre del programa Ingeniería civil
526 ## - NOTA DE INFORMACIÓN SOBRE EL PROGRAMA DE ESTUDIO
Nombre del programa Ingeniería ambiental
526 ## - NOTA DE INFORMACIÓN SOBRE EL PROGRAMA DE ESTUDIO
Nombre del programa Enfermería
526 ## - NOTA DE INFORMACIÓN SOBRE EL PROGRAMA DE ESTUDIO
Nombre del programa Educación secundaria, especialidad matemática e informática
526 ## - NOTA DE INFORMACIÓN SOBRE EL PROGRAMA DE ESTUDIO
Nombre del programa Educación secundaria, especialidad ambiental, biología y química
596 ## -
-- 1 3
650 04 - PUNTO DE ACCESO ADICIONAL DE MATERIA--TÉRMINO DE MATERIA
Término de materia o nombre geográfico como elemento de entrada Biología.
700 1# - ENTRADA AGREGADA--NOMBRE PERSONAL
Nombre de persona Berg, Linda R.,
Término indicativo de función/relación autor.
700 1# - ENTRADA AGREGADA--NOMBRE PERSONAL
Nombre de persona Gonzalez-Loyola, Gabriel,
Término indicativo de función/relación traductor.
700 1# - ENTRADA AGREGADA--NOMBRE PERSONAL
Nombre de persona Martin, Diana W.,
Término indicativo de función/relación autor.
700 1# - ENTRADA AGREGADA--NOMBRE PERSONAL
Nombre de persona Palacios Martinez, Roberto,
Término indicativo de función/relación traductor
942 ## - ELEMENTOS DE ENTRADA SECUNDARIOS (KOHA)
Fuente del sistema de clasificación o colocación Clasificación Decimal Dewey
Tipo de ítem Koha
949 ## - PROCESAMIENTO DE INFORMACIÓN LOCAL (OCLC)
a 574 S66
w DEWEY
c 1
i 54188
d 2016-6-6
e 2016-6-3
l CCODEBUL1
m BUL
n 5
r 0
s Y
t BOOK
u 2015-6-24
x SALUD
z UNKNOWN
0 COMPRA
o .STAFF. Colección Ciencias de la Salud
949 ## - PROCESAMIENTO DE INFORMACIÓN LOCAL (OCLC)
a 574 S66
w DEWEY
c 2
i 49678
d 2016-5-20
e 2016-5-17
l CCODEBUL1
m BUL
n 3
r 0
s Y
t BOOK
u 2015-6-24
x SALUD
z UNKNOWN
0 COMPRA
o .STAFF. Colección Ciencias de la Salud
949 ## - PROCESAMIENTO DE INFORMACIÓN LOCAL (OCLC)
a 574 S66
w DEWEY
c 1
i FJ05953
l CCODEBUJ1
m BUJ
p 31.00
r 0
s Y
t BOOK
u 2016-09-20
x SALUD
-- P22
0 COMPRA
o .STAFF -- Colección General Juliaca
994 ## -
-- C0
-- PEPRU
999 ## - NÚMEROS DE CONTROL DE SISTEMA (KOHA)
-- DEWEY
-- 54188
-- 2019-6-13
-- 2021-11-5
-- 5
-- CCODEBUL1
-- BUL
-- 8
-- 129.00
-- 4
-- 0
-- Y
-- BOOK
-- 2015-6-24
-- BIBLIOTECA
-- UNKNOWN
-- COMPRA
-- .STAFF. Colección Ciencias de la Salud
999 ## - NÚMEROS DE CONTROL DE SISTEMA (KOHA)
-- DEWEY
-- 49678
-- 2019-6-7
-- 2021-11-5
-- 5
-- CCODEBUL1
-- BUL
-- 18
-- 21
-- 0
-- Y
-- BOOK
-- 2015-6-24
-- BIBLIOTECA
-- UNKNOWN
-- COMPRA
-- .STAFF. Colección General
999 ## - NÚMEROS DE CONTROL DE SISTEMA (KOHA)
-- DEWEY
-- FJ05953
-- 2019-9-25
-- 2022-1-25
-- 4
-- CCODEBUJ1
-- BUJ
-- 2
-- 31.00
-- 6
-- 0
-- Y
-- BOOK
-- 2017-1-25
-- SALUD
-- P22
-- COMPRA
-- .STAFF. Colección General Juliaca
980 ## - EQUIVALENCIA O REFERENCIA-CRUZADA-MENCIÓN DE SERIE--NOMBRE DE PERSONA/TÍTULO [LOCAL, CANADÁ]
ID del último usuario que modificó el registro 1
Nombre del último usuario que modificó el registro ALBERTO SANCHEZ Responsable de Automatización
Existencias
Visto por última vez Número de inventario Total de préstamos Signatura topográfica completa Código de barras Fecha del último préstamo Copia número Coste, precio de reemplazo Fecha de reemplazo Facultad Tipo de ítem Koha Nota pública Estado de pérdida Fuente del sistema de clasificación o colocación Restricciones de uso No para préstamo Colección Programa académico Biblioteca de origen Biblioteca actual Ubicación en estantería Fecha de adquisición Fuente de adquisición Coste, precio normal de compra Fecha de entrega Destino de material descartado
2025-12-02 6 10 574 S66 54188 2024-05-23 e1 134.00 2015-06-24 FSALUD Libros físicos inventario-2023-12-13 No Perdido Clasificación Decimal Dewey No restringido Disponible para préstamos Colección General Enfermería Biblioteca CRAI UPeU Lima Biblioteca CRAI UPeU Lima Sala principal 2015-06-24 COMPRA 129.00    
2026-04-16 6 20 574 S66 49678 2026-04-16 e2 36.00 2015-06-24 FSALUD Libros físicos inventario-2023-12-13 No Perdido Clasificación Decimal Dewey Restringido No disponible para préstamos Colección General Enfermería Biblioteca CRAI UPeU Lima Biblioteca CRAI UPeU Lima Oficina de Procesamiento Técnico 2015-06-24 COMPRA 31.00 2027-09-30 Solo si no existe otra alternativa posible) Descarte seguro cuando el libro esté contaminado por hongos, plagas, o sustancias tóxicas.